000 01172nam a2200169Ia 4500
008 220216s9999 xx 000 0 und d
100 _aTillekeratne L M K
245 0 _aUtilisation of sunlight for drying of rubber
260 _bJournal of Natural Rubber Research
_c1995
300 _a77-81
520 _aAn experiment was carried out to explore the possibility of utilising sunlight for drying raw latex grades of rubber. Results obtained indicate that sun drying of ribbed sheet rubber for three to four days for complete dryness will not adversely affect the physical or vulcanisate properties of the rubber. However, in order to eliminate mould contamination of the sheet rubber, smoking in a smoke house for one day is recommended. In the case of latex crepe rubber, all grades including unfractioned and unbleached and fractioned and bleached, sun drying for up to two complete days would not have any adverse effects on their properties. However, overdrying in the sun for longer periods without overturning the lace causes thickness.
700 _aJayasuriya M
700 _aNugawela A
700 _aSiriwardena T A S
700 _aWeeraman S
942 _cJS
999 _c72019
_d72019